| 000 | 00787nam a22002057a 4500 | ||
|---|---|---|---|
| 003 | BUBTL | ||
| 008 | 220110b ||||| |||| 00| 0 eng d | ||
| 020 | _a9844651255 | ||
| 082 | _a954.92/ An55a/ 1997 | ||
| 100 |
_94480 _aআনিসুজ্জামান |
||
| 245 |
_aআমার একাত্তর / _cআনিসুজ্জামান |
||
| 250 | _a1st Edn. | ||
| 260 |
_aঢাকা: _bসাহিত্য প্রকাশ, _cc19997 |
||
| 300 |
_a201 p. : _c22 cm. |
||
| 505 | _aআমার একাত্তর, একাত্তর, আনিসুজ্জামান, মুক্তিযুদ্ধ | ||
| 650 | 0 |
_91755 _aমুক্তিযুদ্ধ |
|
| 856 |
_k0 _l0 _yDownload |
||
| 942 |
_2ddc _cBK |
||
| 999 |
_c6628 _d6628 |
||